000 00967nas a2200325 4500
001 BR2016003672
003 BR-BrBNA
005 20231205130548.0
007 ta
008 230509b bl.|||p| |||| 00| 00por d
040 _aBR-BrBNA
_bpor
_cBiblioteca Nacional de Agricultura
041 _a(Pt)
072 _aL73; L40
100 1 _aJurberg, J.
100 1 _aGalvão, C.
100 1 _aSantos, C.M. dos
100 1 _aRangel, M.B.A.
245 1 _aDescrição de ovos e estádios ninfais de Triatoma carcavalloi (Hemiptera, Reduviidae)por meio de microscopia óptica
650 _aINSETO
650 _aNINFA
650 _aOVO
650 _aTAXONOMIA ANIMAL
650 _aVETOR
650 _aMORFOLOGIA ANIMAL
650 _aDOENÇA DE CHAGAS
650 _aZOONOSE
773 0 _tIheringia. Série Zoologia (Brazil)
_xISSN 0073-4721
_g(Dec 2008), v. 98(4) p. 441-446
_wBR2016003672
909 _a202311
_bLúcia
_c55
_dLúcia Elande
942 _2AGRIS
_n0
_cANA
999 _c250116
_d250116